|
|
|
|
| LEADER |
00000cam a2200000 a 4500 |
| 001 |
vtls001107567 |
| 003 |
SK-MaSNL |
| 005 |
20260331202644.0 |
| 008 |
250313s1979 xo p 000 1 slo |
| 015 |
|
|
|a SNBA1980
|
| 035 |
|
|
|a SNK000050409
|
| 035 |
|
|
|a urn:nbn:sk:snk-amkx77
|
| 035 |
|
|
|a urn:nbn:sk:snk-am0082cc
|
| 035 |
|
|
|a 3A42FC0C-DA12-447F-9050-DB009AE5CB6C
|
| 040 |
|
|
|a SNK
|b slo
|c SNK
|e AACR2
|
| 041 |
0 |
|
|a slo
|
| 044 |
|
|
|a xo
|c SK
|
| 080 |
|
|
|a 885.4-1(075.8)
|2 1981
|
| 080 |
|
|
|a 885.4-3(075.8)
|2 1981
|
| 080 |
|
|
|a 885.0-1(075.8)
|2 1981
|
| 080 |
|
|
|a 885.3(075.8)
|2 1981
|
| 080 |
|
|
|a 82
|2 1981
|
| 080 |
|
|
|a 37
|2 1981
|
| 100 |
1 |
|
|a Petrovič, Jozef
|4 com
|9 288279
|
| 245 |
1 |
0 |
|a Staršia slovenská a česká literatúra
|b textová príručka
|c zost. Jozef Petrovič
|
| 250 |
|
|
|a 1. vyd.
|
| 260 |
|
|
|a Košice
|b Univerzita Pavla Jozefa Šafárika
|c 1979
|
| 300 |
|
|
|a 134 s.
|c 29 cm
|
| 366 |
|
|
|e 150 výt.
|
| 490 |
1 |
|
|a Vysokoškolské učebné texty
|
| 504 |
|
|
|a Bibliogr.
|
| 650 |
0 |
7 |
|a slovenská literatúra
|2 SNKPH
|9 1115
|
| 650 |
0 |
7 |
|a česká literatúra
|2 SNKPH
|9 1178
|
| 655 |
|
7 |
|a učebnice vysokých škôl
|2 SNKPH
|9 70191
|
| 830 |
|
0 |
|a Vysokoškolské učebné texty
|9 276539
|
| 852 |
|
|
|a Slovenská národná knižnica
|
| 958 |
|
|
|a NB
|
| 958 |
|
|
|a OND
|
| 999 |
|
|
|c 613294
|d 615224
|
| 952 |
|
|
|t P60, <04>, [BOOK], {604}
|a SNK
|b SNK
|y VYP
|7 0
|p 17A0117436
|o snkSB 29163 D1
|i snkKSP 634/80
|0 0
|1 0
|4 0
|d 1998-01-21
|l 0
|r 2004-12-31 00:00:00
|w 2026-02-23
|
| 952 |
|
|
|a SNK
|b SNK
|y PREZ
|7 0
|p 17A0972871
|o snkSB 29163
|i snkKSP 633/80
|0 0
|1 0
|4 0
|d 2012-07-30
|f 1
|l 0
|r 2025-04-03 00:00:00
|w 2026-02-23
|